| 000 | nam a22 7a 4500 | ||
|---|---|---|---|
| 999 |
_c234793 _d234793 |
||
| 003 | Nust | ||
| 005 | 20170330163843.0 | ||
| 008 | 170330b xxu||||| |||| 00| 0 eng d | ||
| 040 | _cDLC | ||
| 082 | _a333.7968 AND | ||
| 100 | _4Anderson,Soren | ||
| 245 | _aAutomobile Fuel Economy Standards : impact,efficiency and alternatives | ||
| 942 |
_2ddc _cBK |
||